Utwory Juliusza Słowackiego - nagła śmierć - Statystyki

Ogólne statystyki
  • Ten quiz został rozwiązany 2 916 razy
  • Średni wynik to 4 z 17
Answers on the Grid
Answers color-coded by a green-red scale on the quiz's grid according to % correct below.
,,Lilla Weneda"
,,Rota"
,,Oda do młodości"
Pieśń o spustoszeniu Podola
,,Rozłączenie"
,,W pamiętniku Zofii Bobrówny"
,,Rok 1984"
,,Anhelli"
,,Wierna rzeka"
,,Myszeida"
,,Mazurek Dąbrowskiego"
,,Kordian"
,,Konrad"
,,Balladyna"
,,Popioły"
,,Lalka"
,,Maria Stuart"
,,Testament mój"
,,Stepy Akermańskie"
,,Zbrodnia i kara"
,,Lambro"
,,W Szwajcarii"
,,Oda do wolności"
,,Hymn do miłości ojczyzny"
,,Jan Bielecki"
,,Grób Agamemnona"
,,Beniowski. Poema"
,,Wojna i pokój"
,,Hymn"
,,Godzina myśli"
,,Genezis z ducha"
Liryki Lozańskie
 
Statystyki odpowiedzi
Odpowiedź % Poprawnych
,,Kordian"
67%
,,Balladyna"
66%
,,Lilla Weneda"
50%
,,Testament mój"
43%
,,Grób Agamemnona"
35%
,,W pamiętniku Zofii Bobrówny"
29%
,,Hymn"
22%
,,Beniowski. Poema"
19%
,,W Szwajcarii"
18%
,,Rozłączenie"
16%
,,Anhelli"
15%
,,Oda do wolności"
14%
,,Lambro"
11%
,,Genezis z ducha"
10%
,,Godzina myśli"
10%
,,Maria Stuart"
9%
,,Jan Bielecki"
8%
Nie znaleziono quizów pasujących do podanych kryteriów
Rozkład punktacji
Procent ludzi z każdym wynikiem
Percentyl według liczby udzielonych odpowiedzi
Twoja historia wyników
Nie rozwiązałeś tego quizu